| 000 | 00688nam a22002177a 4500 | ||
|---|---|---|---|
| 999 |
_c6115 _d6115 |
||
| 001 | 3881 | ||
| 003 | BD-DhUAP | ||
| 005 | 20201224150434.0 | ||
| 008 | 201224s1994 us a|||| |||| 001 0 eng d | ||
| 020 | _a1566761123 | ||
| 040 |
_aBD-DhUAP _bEng _cBD-DhUAP _dBD-DhUAP |
||
| 082 |
_223 _a628.352 IWA |
||
| 100 | _aIwai, Shigehisa. | ||
| 245 |
_aWastewater treatment with microbial films / _cShigehisa Iwai and Takane Kitao. |
||
| 260 |
_aLancaster : _bTechnomic Pub. Co., _c©1994. |
||
| 300 |
_aviii, 182 pages : _billustrations ; _c23 cm. |
||
| 500 | _aIncludes index. | ||
| 650 |
_aSewage _vPurification _xFixed-film biological process. |
||
| 700 | _aKitao, Takane. | ||
| 942 |
_2ddc _cBK |
||